000
00220nam a2200097Ia 4500
008
240331s9999 xx 000 0 und d
082
_b
NAR
100
_a
Narayanan,M
245
0
_a
90 Galil malligai sirukadeyigal
942
_c
L
999
_c
4736
_d
4736